| 000 | 00485nam a22001937a 4500 | ||
|---|---|---|---|
| 003 | MPLRDC | ||
| 005 | 20220104191112.0 | ||
| 008 | 210129b ||||| |||| 00| 0 eng d | ||
| 020 | _a986-957-08-3640-0 | ||
| 082 | _a857.7 DQZ-2 | ||
| 100 | _a董启章 | ||
| 245 |
_a双身 _c |
||
| 250 | _a二版 | ||
| 260 |
_a台湾 _b联经出版事业股份有限公司 _c2010 |
||
| 300 | _b平 | ||
| 490 | _a当代名家 | ||
| 650 | _a中国文学--长篇小说 | ||
| 942 |
_cBK _o857.7 DQZ-2 |
||
| 999 |
_c64090 _d64080 |
||